[Event "Open Letni Praha 2017 - A"]
[Site "?"]
[Date "2017.08.06"]
[Round "4"]
[White "Zanikov, Konstantin"]
[Black "Mammadova, Narmin"]
[Result "0-1"]
[WhiteElo "2083"]
[BlackElo "2277"]
[PlyCount "106"]
[EventDate "2017.??.??"]
[WhiteClock "0:05:09"]
[BlackClock "0:18:04"]

1. e4 c6 2. d4 d5 3. Nc3 dxe4 4. Nxe4 Nf6 5. Nxf6+ exf6 6. c3 Bd6 7. Bd3 O-O 8.
Ne2 Re8 9. O-O Qc7 10. Ng3 Nd7 11. Qc2 Nf8 12. Bd2 b6 13. Rfe1 Bb7 14. c4 Red8
15. Bc3 h6 16. Bf5 Bc8 17. Be4 Rb8 18. Qe2 Ng6 19. Rad1 b5 20. b3 b4 21. Bb2 f5
22. Bc2 f4 23. Ne4 Bf8 24. Qf3 Qa5 25. Bb1 Kh8 26. h3 Kg8 27. Bc1 Qf5 28. Bc2
Qa5 29. Bxf4 Nxf4 30. Qxf4 Be6 31. Bb1 Rb7 32. Nc5 Bxc5 33. dxc5 Rbd7 34. Rxd7
Rxd7 35. Qe4 Qxc5 36. Qh7+ Kf8 37. Qh8+ Ke7 38. Qxg7 Qg5 39. Qxg5+ hxg5 40. Be4
Kd6 41. Rd1+ Kc5 42. Rxd7 Bxd7 43. g3 Bxh3 44. f3 Bd7 45. g4 Kd4 46. Kf2 c5 47.
Bh7 Bc6 48. Bg8 f6 49. Ke2 a5 50. Bd5 Bxd5 51. cxd5 Kxd5 52. Kd3 c4+ 53. bxc4+
Kc5 0-1

[Event "Open Letni Praha 2017 - A"]
[Site "?"]
[Date "2017.08.06"]
[Round "4"]
[White "Hollan, Petr"]
[Black "Egorov, Konstantin"]
[Result "1/2-1/2"]
[WhiteElo "2273"]
[BlackElo "2180"]
[PlyCount "113"]
[EventDate "2017.??.??"]
[WhiteClock "0:02:24"]
[BlackClock "0:03:17"]

1. d4 Nf6 2. c4 e6 3. Nc3 Bb4 4. Qc2 c5 5. dxc5 Bxc5 6. Nf3 Qb6 7. e3 Be7 8.
Be2 a6 9. O-O Qc7 10. Bd2 d6 11. Rac1 Nbd7 12. a4 b6 13. a5 bxa5 14. Ra1 Bb7
15. Nd1 Rc8 16. Bxa5 Qb8 17. Nc3 O-O 18. Rfd1 Nc5 19. Nd2 Ncd7 20. Na4 Bc6 21.
Bf1 d5 22. cxd5 Ng4 23. g3 Bxd5 24. Qd3 Qe5 25. Qe2 h5 26. Bc3 Qg5 27. e4 Bc6
28. Nf3 Qg6 29. Bg2 Bb5 30. Qe1 Rc4 31. Rd4 Rxd4 32. Bxd4 e5 33. Be3 Nxe3 34.
Qxe3 Qe6 35. Nc3 Bc5 36. Qd2 Nf6 37. h3 Bc4 38. Re1 Bb6 39. Qg5 Bd4 40. Nh4 Nh7
41. Qxh5 Rb8 42. Nd1 g6 43. Qh6 Bxb2 44. Nxb2 Rxb2 45. Rd1 Rb8 46. Qd2 Qb6 47.
Nf3 Qb5 48. Rc1 Re8 49. Qc3 Be2 50. Ra1 Bxf3 51. Bxf3 Ng5 52. Bg2 Ne6 53. Bf1
Qc5 54. Qa5 Ra8 55. Kg2 Kg7 56. Qxc5 Nxc5 57. Ra5 1/2-1/2

[Event "Open Letni Praha 2017 - A"]
[Site "?"]
[Date "2017.08.06"]
[Round "4"]
[White "Mustafayev, Farid"]
[Black "Schmitz, Thorsten"]
[Result "1-0"]
[WhiteElo "2076"]
[BlackElo "2273"]
[PlyCount "109"]
[EventDate "2017.??.??"]
[WhiteClock "0:37:54"]
[BlackClock "0:24:40"]

1. d4 Nf6 2. Nf3 g6 3. Nbd2 d5 4. e3 Bg7 5. b4 a5 6. b5 c5 7. bxc6 bxc6 8. Ba3
O-O 9. Bd3 Na6 10. c3 Qc7 11. O-O c5 12. Re1 c4 13. Bc2 Bf5 14. Bxf5 gxf5 15.
Nh4 Qd7 16. Qf3 Ne4 17. Nxf5 Bf6 18. Nxe4 dxe4 19. Qxe4 Rfe8 20. Qg4+ Kh8 21.
Qh5 Rg8 22. Nh6 Rg7 23. e4 e6 24. e5 Bg5 25. Ng4 Rag8 26. g3 Nc7 27. Nf6 Bxf6
28. exf6 Rg5 29. Qh4 Nd5 30. Bf8 R8g6 31. Rab1 Qd8 32. Bg7+ Kg8 33. Rb5 Rg4 34.
Reb1 Nxf6 35. Bxf6 Qxf6 36. Qxf6 Rxf6 37. Rxa5 Rf3 38. Rc1 Re4 39. Rc2 Kg7 40.
Rc5 Rd3 41. a4 Kg6 42. Kg2 e5 43. Rxe5 Rxe5 44. dxe5 Rd5 45. Ra2 Kf5 46. f3 Ra5
47. Kf2 Kxe5 48. Ke3 f5 49. Ra1 h5 50. h4 Rd5 51. a5 Rd3+ 52. Ke2 Rxc3 53. a6
Rc2+ 54. Kf1 f4 55. a7 1-0

[Event "Open Letni Praha 2017 - A"]
[Site "?"]
[Date "2017.08.06"]
[Round "4"]
[White "Nitish, Belurkar"]
[Black "Tatarintsev, Egor"]
[Result "1/2-1/2"]
[WhiteElo "2269"]
[BlackElo "2126"]
[PlyCount "69"]
[EventDate "2017.??.??"]
[WhiteClock "0:06:33"]
[BlackClock "0:11:40"]

1. e4 c5 2. c3 Nf6 3. e5 Nd5 4. d4 cxd4 5. Nf3 Nc6 6. cxd4 d6 7. Bc4 Nb6 8. Bb5
dxe5 9. Nxe5 Bd7 10. Nxd7 Qxd7 11. O-O e6 12. Qg4 g6 13. Nc3 h5 14. Qf3 Bg7 15.
Rd1 O-O 16. Bg5 a6 17. Bxc6 bxc6 18. Rac1 Nd5 19. Ne4 Rab8 20. b3 a5 21. Rc4
Rb6 22. Qg3 Rc8 23. Bd2 Ra8 24. Rdc1 Ne7 25. Ra4 Nf5 26. Qd3 Rb5 27. Bg5 e5 28.
Nf6+ Bxf6 29. Bxf6 Qd6 30. Rac4 Rc8 31. a4 Rd5 32. dxe5 Rxd3 33. exd6 Rxd6 34.
Bc3 Rd3 35. Kf1 1/2-1/2

[Event "Open Letni Praha 2017 - A"]
[Site "?"]
[Date "2017.08.06"]
[Round "4"]
[White "Haag, Martin"]
[Black "Domanski, Lukasz"]
[Result "0-1"]
[WhiteElo "2263"]
[BlackElo "2102"]
[PlyCount "62"]
[EventDate "2017.??.??"]
[WhiteClock "0:01:43"]
[BlackClock "0:20:50"]

1. c4 b6 2. g3 Bb7 3. Nf3 Bxf3 4. exf3 c5 5. d4 cxd4 6. Qxd4 Nc6 7. Qd3 g6 8.
f4 Bg7 9. Bg2 Rc8 10. O-O Nh6 11. Rd1 d6 12. Na3 O-O 13. Rb1 Nf5 14. Bh3 Ncd4
15. Be3 Rc7 16. g4 Nf3+ 17. Kh1 N5h4 18. Bg2 Nxg2 19. Kxg2 Nh4+ 20. Kg3 Bf6 21.
b3 h5 22. h3 e6 23. f3 Rd7 24. Bf2 d5 25. Qe2 Qb8 26. Bd4 Be7 27. Be5 Qb7 28.
cxd5 Rxd5 29. Rxd5 Qxd5 30. Nc4 Rd8 31. Re1 Nxf3 0-1

[Event "Open Letni Praha 2017 - A"]
[Site "?"]
[Date "2017.08.06"]
[Round "4"]
[White "Mikes, Jan"]
[Black "Hu, Zhiheng"]
[Result "1/2-1/2"]
[WhiteElo "2253"]
[BlackElo "1829"]
[PlyCount "136"]
[EventDate "2017.??.??"]
[WhiteClock "0:05:50"]
[BlackClock "0:27:41"]

1. e4 c5 2. Nf3 d6 3. d4 cxd4 4. Nxd4 Nf6 5. Nc3 a6 6. h3 e5 7. Nde2 Be6 8. g4
d5 9. exd5 Nxd5 10. Bg2 Nxc3 11. Qxd8+ Kxd8 12. Nxc3 Nc6 13. Be3 Kc7 14. O-O-O
Rd8 15. Rxd8 Kxd8 16. Nd5 Bxd5 17. Bxd5 f6 18. Bb6+ Kd7 19. Rd1 Bd6 20. c4 Ke7
21. a3 Rc8 22. b4 h6 23. c5 Bc7 24. Bxc6 bxc6 25. Bxc7 Rxc7 26. Rd6 a5 27. bxa5
Ra7 28. Rxc6 Rxa5 29. Rc7+ Kd8 30. Rxg7 Rxa3 31. Kd2 Rxh3 32. Ke2 h5 33. g5
fxg5 34. Rxg5 Rc3 35. Rxe5 h4 36. Kd2 Rf3 37. Ke2 Rc3 38. Rh5 h3 39. f3 h2 40.
Kf2 h1=Q 41. Rxh1 Rxc5 42. Re1 Rc2+ 43. Kg3 Rc7 44. Re4 Rg7+ 45. Kf4 Kd7 46.
Re5 Kd6 47. Ke4 Rg1 48. Ra5 Ke6 49. Ra6+ Kf7 50. Kf5 Rb1 51. Ra7+ Kf8 52. Ra6
Kf7 53. f4 Rb5+ 54. Kg4 Rb1 55. Kg5 Rg1+ 56. Kf5 Rb1 57. Ra7+ Kf8 58. Kg5 Rb6
59. f5 Rc6 60. Kf4 Rb6 61. Rh7 Ra6 62. Ke5 Ra5+ 63. Kf6 Ra6+ 64. Kg5 Rb6 65.
Rh4 Kf7 66. Rc4 Ra6 67. Rc7+ Kf8 68. f6 Ra1 1/2-1/2

[Event "Open Letni Praha 2017 - A"]
[Site "?"]
[Date "2017.08.06"]
[Round "4"]
[White "Slovak, Kilian"]
[Black "Slampa, Jan"]
[Result "1-0"]
[WhiteElo "2101"]
[BlackElo "2252"]
[PlyCount "65"]
[EventDate "2017.??.??"]
[WhiteClock "0:55:31"]
[BlackClock "0:34:45"]

1. e4 d6 2. d4 Nf6 3. Nc3 e5 4. Nf3 Nbd7 5. Bc4 Be7 6. O-O O-O 7. Re1 c6 8. a4
a5 9. h3 exd4 10. Qxd4 Nb6 11. Ba2 d5 12. exd5 Nfxd5 13. Nxd5 Nxd5 14. Bxd5
cxd5 15. Bf4 Be6 16. Be5 f6 17. Bg3 Bf7 18. c3 Rc8 19. Qa7 Bh5 20. Nd4 Bc5 21.
Qxb7 Bxd4 22. cxd4 Rc4 23. Re7 Bf7 24. Qa7 Rc2 25. Rae1 Rxb2 26. Rd7 Qc8 27.
Rc7 Qf5 28. Rxf7 Rxf7 29. Re8+ Rf8 30. Qe7 h5 31. Qxf8+ Kh7 32. Qh8+ Kg6 33.
Re7 1-0

[Event "Open Letni Praha 2017 - A"]
[Site "?"]
[Date "2017.08.06"]
[Round "4"]
[White "Vanek, Ladislav"]
[Black "Zoldan, Matteo"]
[Result "1/2-1/2"]
[WhiteElo "2235"]
[BlackElo "2082"]
[PlyCount "98"]
[EventDate "2017.??.??"]
[WhiteClock "0:01:16"]
[BlackClock "0:02:06"]

1. b3 e5 2. Bb2 Nc6 3. e3 Nf6 4. Bb5 Bd6 5. Na3 Na5 6. Be2 a6 7. c4 O-O 8. Nc2
Nc6 9. Nf3 Re8 10. d3 Bf8 11. e4 Bc5 12. O-O d6 13. h3 Ne7 14. Qd2 Ng6 15. Rfe1
Ba7 16. Bf1 Nh5 17. Qg5 Qxg5 18. Nxg5 Nh4 19. Be2 Nf4 20. g3 h6 21. gxf4 hxg5
22. fxg5 Bxh3 23. Kh2 Bd7 24. Kg3 Ng6 25. Bc1 f5 26. gxf6 gxf6 27. Rh1 Re7 28.
Bh6 Rh7 29. f4 f5 30. fxe5 dxe5 31. exf5 Ne7 32. Bg4 Nxf5+ 33. Bxf5 Bxf5 34.
Rad1 Rd8 35. Ne3 Bxe3 36. Bxe3 Rxh1 37. Rxh1 Rxd3 38. Kf3 Kg7 39. Rg1+ Kf7 40.
Rg5 Kf6 41. Rg8 Rd7 42. Rf8+ Rf7 43. Bg5+ Ke6 44. Rxf7 Kxf7 45. Bd8 Bb1 46.
Bxc7 Ke6 47. a3 Ba2 48. Ke4 Bxb3 49. Bxe5 Bxc4 1/2-1/2

[Event "Open Letni Praha 2017 - A"]
[Site "Praha"]
[Date "2017.08.06"]
[Round "4"]
[White "French, Max"]
[Black "Karayev, Kanan"]
[Result "0-1"]
[WhiteElo "1968"]
[BlackElo "2228"]
[PlyCount "116"]
[EventDate "2017.08.04"]

1. d4 g6 2. c4 Bg7 3. Nc3 c5 4. d5 Bxc3+ 5. bxc3 f5 6. h4 Nf6 7. h5 Rg8 8. hxg6
hxg6 9. Nf3 Qa5 10. Qc2 Ne4 11. Ng5 Qxc3+ 12. Qxc3 Nxc3 13. a4 Ne4 14. Nxe4
fxe4 15. g3 d6 16. Bg2 Nd7 17. Rh4 Ne5 18. Rxe4 Nf7 19. Bb2 Bf5 20. Re3 Kd7 21.
f3 g5 22. Kf2 e5 23. dxe6+ Bxe6 24. Rc1 Rab8 25. Rd3 Kc7 26. f4 Rbf8 27. Bf3
gxf4 28. gxf4 Nh6 29. e3 Ng4+ 30. Ke2 Nh2 31. Bh1 Bd7 32. Bd5 Rg3 33. a5 Ng4
34. Rf1 Re8 35. Bc1 Rh8 36. Rh1 Rxh1 37. Bxh1 Rg1 38. Rd1 Rxd1 39. Kxd1 Nf2+
40. Ke2 Nxh1 41. Kf3 Bh3 42. Bd2 Bf1 43. Be1 Bxc4 44. e4 Kd7 45. f5 b5 46. axb6
axb6 47. Kf4 b5 48. e5 b4 49. e6+ Bxe6 50. fxe6+ Kxe6 51. Ke4 d5+ 52. Kd3 Ke5
53. Ke3 d4+ 54. Kd3 Kd5 55. Kc2 Kc4 56. Kb2 d3 57. Kc1 Kb3 58. Kb1 Nf2 0-1

[Event "Open Letni Praha 2017 - A"]
[Site "Praha"]
[Date "2017.08.06"]
[Round "4"]
[White "Kulkarni, Bhakti"]
[Black "Sura, Jaroslav"]
[Result "1-0"]
[WhiteElo "2291"]
[BlackElo "2018"]
[PlyCount "77"]
[EventDate "2017.08.04"]

1. d4 Nf6 2. Nf3 g6 3. Bg5 Bg7 4. Nbd2 d6 5. e4 Bg4 6. h3 Bxf3 7. Qxf3 Nc6 8.
c3 h6 9. Be3 e5 10. d5 Ne7 11. Bd3 c6 12. c4 Nd7 13. O-O O-O 14. Qd1 f5 15. f3
f4 16. Bf2 c5 17. a3 g5 18. b4 b6 19. Nb1 h5 20. Nc3 Rf6 21. Be2 Rg6 22. bxc5
bxc5 23. Rb1 Nf6 24. Rb7 g4 25. fxg4 hxg4 26. hxg4 Nc8 27. g5 Rxg5 28. Bh4 Rg6
29. Bh5 Rh6 30. Bg5 Rh7 31. Bg6 Rh8 32. Bf7+ Kf8 33. Be6 Ne7 34. Qf3 Qa5 35.
Rfb1 Qxa3 36. Rb8+ Rxb8 37. Rxb8+ Ne8 38. Bxe7+ Kxe7 39. Rb7+ 1-0

[Event "Open Letni Praha 2017 - A"]
[Site "Praha"]
[Date "2017.08.06"]
[Round "4"]
[White "Egorov, Pavel"]
[Black "Plasil, Petr"]
[Result "1-0"]
[WhiteElo "2205"]
[BlackElo "2007"]
[PlyCount "61"]
[EventDate "2017.08.04"]

1. d4 Nf6 2. c4 g6 3. Nc3 d5 4. Nf3 Bg7 5. cxd5 Nxd5 6. e4 Nxc3 7. bxc3 c5 8.
Rb1 O-O 9. Be2 Nc6 10. d5 Ne5 11. Nxe5 Bxe5 12. Qd2 e6 13. f4 Bc7 14. O-O exd5
15. exd5 Ba5 16. d6 b6 17. Bf3 Rb8 18. g4 Qf6 19. Bb2 Ba6 20. Rf2 Rbd8 21. Rd1
Bc4 22. f5 Qe5 23. Be2 Bxe2 24. Rxe2 Qf6 25. d7 gxf5 26. gxf5 Qxf5 27. Rg2+ Kh8
28. c4+ f6 29. Qh6 Rf7 30. Rf1 Qe6 31. Rxf6 1-0

[Event "Open Letni Praha 2017 - A"]
[Site "Praha"]
[Date "2017.08.06"]
[Round "4"]
[White "Jayaram, Ramanna"]
[Black "Gokhale, Chandrashekhar"]
[Result "1/2-1/2"]
[WhiteElo "2021"]
[BlackElo "2197"]
[PlyCount "41"]
[EventDate "2017.08.04"]

1. d4 d6 2. Nf3 Nd7 3. c4 e5 4. e3 g6 5. Be2 Bg7 6. Nc3 Ngf6 7. O-O O-O 8. Qc2
Re8 9. dxe5 dxe5 10. e4 c6 11. Rd1 Qc7 12. b3 Nc5 13. Ba3 Qa5 14. Bb2 Nh5 15.
a3 Ne6 16. b4 Qc7 17. g3 Bd7 18. c5 Rad8 19. Na4 Bc8 20. b5 cxb5 21. Bxb5
1/2-1/2

[Event "Open Letni Praha 2017 - A"]
[Site "Praha"]
[Date "2017.08.06"]
[Round "4"]
[White "Haase, Pavel"]
[Black "Baysarsaikhan, Yanjinlkham"]
[Result "1-0"]
[WhiteElo "2177"]
[BlackElo "1988"]
[PlyCount "113"]
[EventDate "2017.08.04"]

1. Nf3 Nf6 2. d4 g6 3. c4 c6 4. Nc3 d5 5. Bf4 Bg7 6. e3 O-O 7. h3 a6 8. Rc1 b5
9. cxd5 cxd5 10. Bd3 Bb7 11. O-O Nc6 12. Ne5 Nxe5 13. Bxe5 Nd7 14. Bxg7 Kxg7
15. f4 Nb6 16. g4 b4 17. Na4 Nc4 18. Qe2 Bc6 19. b3 Bxa4 20. bxc4 dxc4 21. Rxc4
a5 22. Rfc1 Qd6 23. Rc5 Bd7 24. Be4 Rac8 25. Bb7 Rxc5 26. dxc5 Qe6 27. Kf2 Bc6
28. Bxc6 Qxc6 29. Qd2 Rc8 30. h4 Qe6 31. Kf3 h5 32. Qd4+ Kh7 33. gxh5 Qh3+ 34.
Ke2 Qg4+ 35. Kd2 Qxh5 36. c6 Qg4 37. Qd5 Kg7 38. c7 Qe6 39. Qxe6 fxe6 40. Rc5
a4 41. Kd3 Kf7 42. Kc4 b3 43. axb3 axb3 44. Kxb3 Ke8 45. e4 Kd7 46. Kc4 Rxc7
47. Rxc7+ Kxc7 48. f5 exf5 49. exf5 Kd8 50. fxg6 Ke8 51. h5 Kf8 52. h6 Kg8 53.
Kd5 Kf8 54. Ke6 Kg8 55. h7+ Kg7 56. h8=Q+ Kxh8 57. Kf7 1-0

[Event "Open Letni Praha 2017 - A"]
[Site "Praha"]
[Date "2017.08.06"]
[Round "4"]
[White "Patil, Mitali Madhukar"]
[Black "Aroven, Mikael"]
[Result "1-0"]
[WhiteElo "1959"]
[BlackElo "2175"]
[PlyCount "67"]
[EventDate "2017.08.04"]

1. e4 c5 2. c3 Nf6 3. e5 Nd5 4. Nf3 e6 5. Bc4 Nb6 6. Bb3 Be7 7. d4 O-O 8. O-O
Nc6 9. Qe2 cxd4 10. cxd4 d5 11. Nc3 a6 12. Rd1 f5 13. exf6 Bxf6 14. Bf4 Bh4 15.
Bg3 Bxg3 16. hxg3 Qf6 17. Rac1 Bd7 18. Na4 Nxa4 19. Bxa4 Rac8 20. Bxc6 Bxc6 21.
Ne5 Bb5 22. Qe3 Qe7 23. Rxc8 Rxc8 24. Rc1 Rf8 25. b3 Qd8 26. a4 Be8 27. Nd3 Bf7
28. Qe5 Qa5 29. Rc7 Qd2 30. Nf4 Re8 31. Rxb7 Qc2 32. a5 h6 33. f3 Rc8 34. Rxf7
1-0

[Event "Open Letni Praha 2017 - A"]
[Site "Praha"]
[Date "2017.08.06"]
[Round "4"]
[White "Bjornsson, Tomas"]
[Black "Davies, Peter"]
[Result "1/2-1/2"]
[WhiteElo "2169"]
[BlackElo "1966"]
[PlyCount "47"]
[EventDate "2017.08.04"]

1. e4 c5 2. Nf3 e6 3. d4 cxd4 4. Nxd4 Nc6 5. Nc3 d6 6. Be3 Nf6 7. Be2 Be7 8.
O-O O-O 9. f4 Qc7 10. Kh1 Bd7 11. Qe1 Rac8 12. Qg3 g6 13. e5 dxe5 14. fxe5 Nd5
15. Nxd5 exd5 16. Nxc6 bxc6 17. c4 Be6 18. cxd5 Bxd5 19. Bd4 c5 20. Bc3 Be6 21.
a3 Rcd8 22. Qe3 Rd7 23. Rad1 Qb6 24. h3 1/2-1/2

[Event "Open Letni Praha 2017 - A"]
[Site "Praha"]
[Date "2017.08.06"]
[Round "4"]
[White "Soural, Jan"]
[Black "Kelm, Daniel"]
[Result "1-0"]
[WhiteElo "2163"]
[BlackElo "1952"]
[PlyCount "47"]
[EventDate "2017.08.04"]

1. d4 d5 2. c4 dxc4 3. e3 e5 4. Bxc4 Bb4+ 5. Nc3 exd4 6. exd4 Nf6 7. Nf3 O-O 8.
O-O c6 9. Ne5 Bxc3 10. bxc3 Nd5 11. Qf3 Be6 12. Qg3 Kh8 13. Ba3 Re8 14. Rab1 f6
15. Rxb7 Nd7 16. Rxd7 Qxd7 17. Nxd7 Bxd7 18. Qf3 Nb6 19. Bb3 Rac8 20. h3 Be6
21. Re1 Bd5 22. Rxe8+ Rxe8 23. Bxd5 cxd5 24. Bc5 1-0

[Event "Open Letni Praha 2017 - A"]
[Site "Praha"]
[Date "2017.08.06"]
[Round "4"]
[White "Vrecion, Jiri"]
[Black "Pranav, Anand"]
[Result "1-0"]
[WhiteElo "1979"]
[BlackElo "2155"]
[PlyCount "81"]
[EventDate "2017.08.04"]

1. c4 e5 2. g3 Nf6 3. Bg2 Nc6 4. Nc3 Bb4 5. d3 Bxc3+ 6. bxc3 d6 7. e4 O-O 8.
Rb1 Rb8 9. Ne2 Be6 10. O-O Nd7 11. Be3 f6 12. Rb2 b6 13. f4 Ne7 14. Qc2 Kh8 15.
Rd1 Qe8 16. Qa4 a5 17. f5 Bf7 18. g4 Qc8 19. Bf3 Nc5 20. Qc2 Qe8 21. h4 Nd7 22.
Ng3 c6 23. Rdb1 Qd8 24. Qf2 Nc5 25. Bxc5 dxc5 26. Be2 Qd6 27. Rxb6 Rbd8 28. Ra6
Ra8 29. Rbb6 Rfd8 30. Bf1 Be8 31. Qb2 Rxa6 32. Rxa6 Ng8 33. Rxa5 Nh6 34. Be2
Nxg4 35. Bxg4 Qxd3 36. Kf2 Qxc4 37. Be2 Qf7 38. Qb6 Rd2 39. Qxc5 g6 40. Ra8
gxf5 41. Qxc6 1-0

[Event "Open Letni Praha 2017 - A"]
[Site "Praha"]
[Date "2017.08.06"]
[Round "4"]
[White "Lushnikov, Evgeny"]
[Black "Narendran, Gouthaman"]
[Result "1-0"]
[WhiteElo "2121"]
[BlackElo "1952"]
[PlyCount "57"]
[EventDate "2017.08.04"]

1. e4 c5 2. Nf3 d6 3. Bb5+ Nd7 4. O-O a6 5. Bd3 g6 6. c4 Bg7 7. Nc3 e6 8. Bc2
Ne7 9. d4 O-O 10. Be3 Nc6 11. d5 exd5 12. Bg5 Qa5 13. cxd5 Nce5 14. Nd2 Nf6 15.
f4 Neg4 16. Nc4 Qc7 17. e5 dxe5 18. fxe5 Nxh2 19. d6 Qc6 20. exf6 Nxf1 21. Nd5
Re8 22. fxg7 Ng3 23. Bh6 Re6 24. Ne7+ Rxe7 25. dxe7 Bd7 26. Ne5 Qe6 27. Qxd7
Ne2+ 28. Kf2 Qf6+ 29. Nf3 1-0

[Event "Open Letni Praha 2017 - A"]
[Site "Praha"]
[Date "2017.08.06"]
[Round "4"]
[White "Skokan, Frantisek"]
[Black "Kaderabek, Jiri"]
[Result "1-0"]
[WhiteElo "1933"]
[BlackElo "2120"]
[PlyCount "69"]
[EventDate "2017.08.04"]

1. d4 d5 2. c4 c6 3. e3 Nf6 4. Nf3 Bf5 5. Nc3 e6 6. cxd5 exd5 7. Bd3 Bxd3 8.
Qxd3 Nbd7 9. O-O Be7 10. Bd2 O-O 11. Rac1 Re8 12. Rfe1 Bb4 13. a3 Bxc3 14. Bxc3
Ne4 15. Nd2 Qh4 16. Qe2 Re6 17. f3 Nxd2 18. Bxd2 Rae8 19. Qf2 Qh5 20. g4 Qg6
21. Kh1 f5 22. Rg1 c5 23. Rce1 c4 24. Qf1 Nb6 25. Qh3 f4 26. exf4 Qd3 27. Rxe6
Rxe6 28. g5 Re8 29. Bc3 g6 30. Kg2 Re2+ 31. Kg3 Qe3 32. Rf1 Qd3 33. Ba5 Qxd4
34. Bc3 Qd3 35. Be5 1-0

[Event "Open Letni Praha 2017 - A"]
[Site "Praha"]
[Date "2017.08.06"]
[Round "4"]
[White "Krivanek, Vladimir"]
[Black "Lindblom, Roar"]
[Result "1/2-1/2"]
[WhiteElo "2107"]
[BlackElo "1904"]
[PlyCount "66"]
[EventDate "2017.08.04"]

1. e4 e5 2. f4 exf4 3. Nf3 d6 4. Bc4 h6 5. h4 Nf6 6. d3 Nh5 7. Nc3 Bg4 8. Ne5
dxe5 9. Qxg4 Ng3 10. Rh3 Qd7 11. Qxd7+ Nxd7 12. Nb5 Bd6 13. Nxd6+ cxd6 14. Bd5
Rc8 15. Kd1 Rc7 16. Be3 Ke7 17. Bf2 Nh5 18. Kd2 Rhc8 19. c3 Nhf6 20. Bb3 Nc5
21. Bc2 a5 22. h5 b5 23. g3 fxg3 24. Bxg3 b4 25. c4 Ne6 26. Rf1 Nh7 27. Bd1
Nhg5 28. Rh2 f6 29. Bf2 Ra8 30. Bb6 Rb7 31. Be3 a4 32. Bg4 b3 33. a3 Rc7
1/2-1/2

[Event "Open Letni Praha 2017 - A"]
[Site "Praha"]
[Date "2017.08.06"]
[Round "4"]
[White "Kohtz, Andreas"]
[Black "Fogel, Pierre"]
[Result "0-1"]
[WhiteElo "1946"]
[BlackElo "2106"]
[PlyCount "42"]
[EventDate "2017.08.04"]

1. d4 d5 2. Bf4 Nf6 3. e3 c5 4. c3 Nc6 5. Nd2 e6 6. Ngf3 Bd6 7. Bg3 O-O 8. Bd3
b6 9. Ne5 Bb7 10. f4 Ne7 11. O-O Ne4 12. Bh4 f6 13. Nec4 Nf5 14. Bf2 Nxf2 15.
Kxf2 dxc4 16. Bxc4 Bd5 17. Bd3 cxd4 18. e4 dxc3 19. bxc3 Bc5+ 20. Ke1 Ne3 21.
Qh5 Bc6 0-1

[Event "Open Letni Praha 2017 - A"]
[Site "Praha"]
[Date "2017.08.06"]
[Round "4"]
[White "Fraczek, Dariusz"]
[Black "Jun, Rudolf"]
[Result "1/2-1/2"]
[WhiteElo "2104"]
[BlackElo "1834"]
[PlyCount "74"]
[EventDate "2017.08.04"]

1. d4 Nf6 2. Nf3 g6 3. c4 Bg7 4. Nc3 O-O 5. e4 d6 6. Be2 Nc6 7. d5 Nb8 8. O-O
e5 9. Ne1 Ne8 10. Be3 f5 11. f3 f4 12. Bf2 Nd7 13. Nd3 Qg5 14. Re1 Ndf6 15. c5
Nh5 16. Kf1 Bf6 17. Qb3 Nhg7 18. Rec1 Qh5 19. Bg1 g5 20. cxd6 cxd6 21. Nf2 Bd8
22. Na4 Nf6 23. h3 Qg6 24. Rc2 b6 25. Rac1 Bd7 26. Bb5 Ngh5 27. Bc6 Rb8 28.
Bxd7 Nxd7 29. Qb5 Nc5 30. b4 a6 31. Qc6 Nxa4 32. Qxa4 a5 33. b5 Nf6 34. Rc6 Nd7
35. Ng4 h5 36. Nh2 Qf6 37. Qa3 Nc5 1/2-1/2

[Event "Open Letni Praha 2017 - A"]
[Site "Praha"]
[Date "2017.08.06"]
[Round "4"]
[White "Nguyen, Thai Dai Vinh"]
[Black "Simecek, Bohumil"]
[Result "1/2-1/2"]
[WhiteElo "1857"]
[BlackElo "2086"]
[PlyCount "51"]
[EventDate "2017.08.04"]

1. e4 c6 2. d4 d5 3. Nd2 g6 4. Ngf3 Bg7 5. e5 Bg4 6. Bd3 e6 7. h3 Bxf3 8. Nxf3
h5 9. O-O Nh6 10. Bg5 Qb6 11. Qd2 Nf5 12. Bxf5 gxf5 13. Rfe1 Nd7 14. c3 Nf8 15.
a4 Ng6 16. Nh4 Kd7 17. Nxg6 fxg6 18. b4 Rae8 19. Reb1 Bf8 20. b5 Be7 21. Bxe7
Rxe7 22. bxc6+ Qxc6 23. Rb5 b6 24. Qb2 Rc8 25. Ra3 Ke8 26. Rab3 1/2-1/2

[Event "Open Letni Praha 2017 - A"]
[Site "?"]
[Date "2017.08.07"]
[Round "5"]
[White "Iordachescu, Viorel"]
[Black "Xiu, Deshun"]
[Result "1-0"]
[WhiteElo "2581"]
[BlackElo "2532"]
[PlyCount "61"]
[EventDate "2017.??.??"]
[WhiteClock "0:09:59"]
[BlackClock "0:08:49"]

1. c4 c5 2. Nf3 Nf6 3. Nc3 e6 4. d4 d5 5. e3 Nc6 6. cxd5 exd5 7. Bb5 Bd6 8.
dxc5 Bxc5 9. O-O O-O 10. b3 a6 11. Bxc6 bxc6 12. Bb2 Bg4 13. Ne2 Bxf3 14. gxf3
Be7 15. Kh1 Qd7 16. Rg1 Rfd8 17. Qd3 g6 18. Rac1 Kf8 19. Nf4 Qb7 20. Qd4 Rac8
21. Nd3 Qb5 22. Rgd1 Kg7 23. Qe5 Re8 24. Bd4 Kg8 25. Nf4 h6 26. Nh5 c5 27. Rxc5
Qe2 28. Nxf6+ Kh8 29. Nxe8+ f6 30. Qf4 g5 31. Qf5 1-0

[Event "Open Letni Praha 2017 - A"]
[Site "?"]
[Date "2017.08.07"]
[Round "5"]
[White "Kraus, Tomas"]
[Black "Chernyshov, Konstantin"]
[Result "1/2-1/2"]
[WhiteElo "2424"]
[BlackElo "2496"]
[PlyCount "54"]
[EventDate "2017.??.??"]
[WhiteClock "0:18:01"]
[BlackClock "0:41:56"]

1. d4 e6 2. c4 Nf6 3. Nc3 Bb4 4. Qc2 b6 5. e4 Bxc3+ 6. bxc3 d6 7. Bd3 e5 8. Ne2
Nfd7 9. O-O Nc6 10. f4 O-O 11. Rf3 Na5 12. Ng3 f6 13. Nf5 Rf7 14. Rg3 Kh8 15.
Qe2 Nf8 16. Qh5 Bxf5 17. exf5 exf4 18. Qxf7 fxg3 19. Bh6 gxh6 20. Re1 Nd7 21.
Re7 Qg8 22. Rxd7 Qxf7 23. Rxf7 Re8 24. hxg3 Re3 25. Bf1 c5 26. Rxf6 Rxc3 27.
Rxd6 Nxc4 1/2-1/2

[Event "Open Letni Praha 2017 - A"]
[Site "?"]
[Date "2017.08.07"]
[Round "5"]
[White "Brokken, Dennis"]
[Black "Neuman, Petr"]
[Result "1-0"]
[WhiteElo "2401"]
[BlackElo "2457"]
[PlyCount "55"]
[EventDate "2017.??.??"]
[WhiteClock "0:20:29"]
[BlackClock "0:22:38"]

1. d4 c5 2. d5 e5 3. e4 d6 4. Nc3 a6 5. a4 Be7 6. Be2 Bg5 7. Bxg5 Qxg5 8. Nf3
Qe7 9. Nd2 Nd7 10. Nc4 Rb8 11. a5 Nh6 12. Qd2 O-O 13. O-O Rd8 14. Rab1 Nf8 15.
b4 cxb4 16. Rxb4 f5 17. Rfb1 fxe4 18. Nxe4 Nf7 19. Ne3 Ra8 20. c4 Ng5 21. Ng3
Nf7 22. Nef5 Qc7 23. c5 dxc5 24. Rb6 c4 25. d6 Qc5 26. Ne4 c3 27. Qa2 Be6 28.
Qa1 1-0

[Event "Open Letni Praha 2017 - A"]
[Site "?"]
[Date "2017.08.07"]
[Round "5"]
[White "Saiyn, Zhanat"]
[Black "Lin, Chen"]
[Result "1/2-1/2"]
[WhiteElo "2381"]
[BlackElo "2450"]
[PlyCount "48"]
[EventDate "2017.??.??"]
[WhiteClock "0:15:33"]
[BlackClock "0:23:39"]

1. d4 d5 2. Nf3 Nf6 3. c4 c6 4. e3 Bf5 5. Nc3 a6 6. Bd2 e6 7. Qb3 Ra7 8. Rc1
Nbd7 9. Nh4 Be4 10. Nxe4 Nxe4 11. Nf3 Bd6 12. Bd3 O-O 13. O-O Qe7 14. Qc2 f5
15. Be1 Ndf6 16. Be2 Raa8 17. Nd2 Nxd2 18. Bxd2 Ne4 19. Be1 Rf6 20. f3 Rh6 21.
g3 Nf6 22. Bd3 Rf8 23. cxd5 cxd5 24. Ba5 Qf7 1/2-1/2

[Event "Open Letni Praha 2017 - A"]
[Site "?"]
[Date "2017.08.07"]
[Round "5"]
[White "Campora, Daniel"]
[Black "Baasansuren, Erdene"]
[Result "1-0"]
[WhiteElo "2436"]
[BlackElo "2169"]
[PlyCount "91"]
[EventDate "2017.??.??"]
[WhiteClock "1:05:32"]
[BlackClock "0:21:23"]

1. e4 c5 2. Nf3 d6 3. Bb5+ Bd7 4. Bxd7+ Qxd7 5. O-O Nc6 6. Re1 Nf6 7. c4 g6 8.
Nc3 Bg7 9. d3 O-O 10. h3 Ne8 11. Be3 Nc7 12. d4 cxd4 13. Nxd4 Ne6 14. Nde2 Rfd8
15. Rc1 Nc5 16. b3 Ne5 17. Rf1 a6 18. Rc2 Rab8 19. Rd2 Qc6 20. Qb1 b5 21. cxb5
axb5 22. f4 Ned7 23. Nd5 Re8 24. b4 e6 25. Ndc3 Na4 26. Nxa4 bxa4 27. Rc1 Nc5
28. Ng3 a3 29. e5 Qa4 30. exd6 Rxb4 31. Qc2 Nd7 32. Qxa4 Rxa4 33. Kf2 Bf8 34.
Kf3 f5 35. Ne2 e5 36. Rc7 Rd8 37. Nc3 Ra6 38. Nb5 Ra5 39. Na7 exf4 40. Bxf4 Rc5
41. Nc6 Re8 42. Rxd7 Rxc6 43. Rc7 Rxc7 44. dxc7 Be7 45. Re2 Kf7 46. Bg5 1-0